000 00595nam a22002417a 4500
003 UA-OsUOA
001 31386
007 ta
008 20041220b un ||||| |||| 00| 0 ukr d
100 _aКаштанов С. М.
090 _a930.22
_bК31
942 _cBK
040 _aUA-OsUOA
_brus
_cUA-OsUOA
_dUA-OsUOA
245 _aРусская дипломатика
_bУчебное пособие
300 _a231 с.
955 _a0
041 _arus
080 _a930.22
260 _aМосква
_bВысшая школа
_c1988
044 _aRU
650 7 _2UDC
999 _c317810
_d317810